000 01186nam0a22002531 4500
001 rc\3290690
005 20130115145326.0
021 _aRU
_b[71-2191а]
035 _a(NLR Aleph) 007403163
090 _a6734591
_c6734591
100 _a20130115d1971 |||y0rusy50 ca
101 0 _arus
102 _aRU
105 _ay z |||||
200 1 _aСтруктура общественного сознания и проблемы формирования духовного облика советских воинов
_eДоклад об опубл. работах, представл. на соискание учен. степени д-ра философ. наук
_e(621)
_fМоск. гос. ун-т им. М.В. Ломоносова. Специализир. объедин. учен. совет кафедр теории науч. коммунизма МГУ
210 _aМосква
_cБ. и.
_d1971
215 _a65 с.
320 _aСписок работ авт.: с. 62-64 (24 назв.)
700 1 _aШеляг
_bВ. В.
_gВасилий Васильевич
801 0 _aRU
_bNLR
_gpsbo
801 1 _aRU
_bELAR
_2rusmarc
852 _aNLR
_j71-4/6982
942 _cBOOK
980 _aNB